000 00659nam a2200181Ia 4500
008 100921s9999 xx 000 0 und d
082 _b32699
_a891.463 न 00
100 _aजोशी व. कृ.
245 _aसंशोधकाचा मृत्यु.
260 _bस्वप्न प्रकाशन, पुणे.
_c2000
300 _a203
_bशांती पब्लिकेशन,पुणे
365 _b180
520 _aललित-कथा.
630 _aसंशोधकाचा मृत्यु.
650 _aललित-कथा.
730 _aसंशोधकाचा मृत्यु.
942 _cBOOK
999 _c781812
_d781809